LIBRARY & INFORMATION CENTRE, KCAET, TAVANUR

ONLINE PUBLIC ACCESS CATALOGUE (OPAC)

Food processing technology: principles and practice (Record no. 13652)

MARC details
000 -LEADER
fixed length control field 00584nam a22001817a 4500
003 - CONTROL NUMBER IDENTIFIER
control field OSt
008 - FIXED-LENGTH DATA ELEMENTS--GENERAL INFORMATION
fixed length control field 220122b ||||| |||| 00| 0 eng d
020 ## - INTERNATIONAL STANDARD BOOK NUMBER
ISBN 9781439808214
020 ## - INTERNATIONAL STANDARD BOOK NUMBER
ISBN 9781845692162
082 ## - DEWEY DECIMAL CLASSIFICATION NUMBER
Classification number 664
Item number FEL/FO
100 ## - MAIN ENTRY--AUTHOR NAME
Personal name Fellows, P.J
245 ## - TITLE STATEMENT
Title Food processing technology: principles and practice
250 ## - EDITION STATEMENT
Edition statement 3
260 ## - PUBLICATION, DISTRIBUTION, ETC. (IMPRINT)
Place of publication Boca
Name of publisher CRC press
Year of publication 2009
300 ## - PHYSICAL DESCRIPTION
Number of Pages 914
505 ## - FORMATTED CONTENTS NOTE
Formatted contents note I BASIC PRINCIPLES,II AMBIENT-TEMPERATURE PROCESSING,III PROCESSING BY APPLICATION OF HEAT,IV PROCESSING BY THE REMOVAL OF HEAT,V POST-PROCESSING OPERATIONS,
942 ## - ADDED ENTRY ELEMENTS (KOHA)
Koha item type Books
Holdings
Withdrawn status Lost status Damaged status Collection code Home library Current library Shelving location Date acquired Source of acquisition Cost, normal purchase price Full call number Accession Number Koha item type
      Reference KAUAET KAUAET Reference1 31/03/2012 Cosmo Books, Calicut 3694.00 664 FEL/FO 22332 Books
free website counter